| 000 | 00622nam a2200193Ia 4500 | ||
|---|---|---|---|
| 003 | GCL | ||
| 008 | 140319s9999 xx 000 0 ara d | ||
| 040 |
_aGCL / _cGCL |
||
| 082 | 0 | 4 |
_a657.84 _bع ا |
| 100 | 1 | _aعبدالقادر طايش | |
| 245 | 1 | 0 |
_aالاعلام والتغريب الثقافى / _cعبدالقادر طايش |
| 260 |
_a[S.N] : _bمكتبة التراث الاسلامى ، _c1991 |
||
| 300 | _a57 | ||
| 490 |
_aالسلسلة الشعرية الثانية _v0 |
||
| 650 | 0 | 4 | _aالاعلام |
| 650 | 0 | 4 | _aوسائل الاعلام |
| 650 | 0 | 4 | _aالاعلام الدولى |
| 942 |
_2ddc _cBK |
||
| 999 |
_c53764 _d53764 |
||